Name a Valid U.S. State Bordering Each Canadian Province - Statistics

General Stats
  • This quiz has been taken 34 times
    21 since last reset
  • The average score is 6 of 6
Answer Stats
Province State % Correct
Quebec Maine | New Hampshire | New York | Vermont
100%
Saskatchewan Montana | North Dakota
95%
British Columbia Alaska | Idaho | Montana | Washington
89%
Ontario Michigan | Minnesota | New York
89%
Manitoba Minnesota | North Dakota
89%
Alberta Montana
89%
No matching quizzes found
Score Distribution
Percent of People with Each Score
Percentile by Number Answered
Your Score History
You have not taken this quiz since the last reset